Guess the language. - Statistics

General Stats
  • This quiz has been taken 66 times
  • The average score is 7 of 12
Answer Stats
Hint Answer % Correct
Tutti gli esseri umani nascono liberi ed eguali in dignità e diritti. Essi sono dotati di ragione e di coscienza e devono agire gli uni verso gli altri in spirito di fratellanza. Italian
94%
Kaikki ihmiset syntyvät vapaina ja tasavertaisina arvoltaan ja oikeuksiltaan. Heille on annettu järki ja omatunto, ja heidän on toimittava toisiaan kohtaan veljeyden hengessä. Finnish
83%
Embora não seja um documento com obrigatoriedade legal, serviu como base para os dois tratados sobre direitos humanos da ONU de força legal: o Pacto Internacional dos Direitos Civis e Políticos e o Pacto Internacional sobre os Direitos Económicos, Sociais e Culturais. Portuguese
83%
Het recht op vrijheid van meningsuiting omvat de vrijheid ‘inlichtingen en denkbeelden van welke aard ook te vergaren, te ontvangen en door te geven, ongeacht grenzen en ongeacht de vorm’. Dutch
79%
Към правата, залегнали във Всеобщата декларация за правата на човека, може да се добави още едно от съществено значение. Bulgarian
69%
Origo omnis Internationalis iurum humanorum legis, ac prima perscriptio globalis iurum quae omnes humani per se possident est. Latin
69%
Sva ljudska bića rađaju se slobodna i jednaka u dostojanstvu i pravima. Ona su obdarena razumom i savješću pa jedna prema drugima trebaju postupati u duhu bratstva. Croatian
60%
Crewyd y Datganiad fel canlyniad uniongyrchol i brofiadau'r Ail Ryfel Byd a chynrychiola am y tro cyntaf yr hawliau sy'n ddyledus i bob bod dynol. Welsh
60%
Bütün insanlar öz ləyaqətləri və hüquqları etibarilə azad və bərabər doğulurlar. Onlara ağıl və vicdan bəxş edilib və onlar bir-birinə münasibətdə qardaşlıq ruhunda davranmalıdırlar. Azeri
46%
Gizon-emakume guztiak aske jaiotzen dira, duintasun eta eskubide berberak dituztela; eta ezaguera eta kontzientzia dutenez gero, elkarren artean senide legez jokatu beharra dute. Basque
31%
Ĉiu havas certajn rajtojn, simple pro la fakto esti homo. Tiuj estas rajtoj, ĉar oni rajtas esti tia, fari aŭ havi certajn aferojn. Ĉi tiuj rajtoj ekzistas por via protekto kontraŭ homoj kiuj volas damaĝi aŭ dolorigi vin. Ili ekzistas ankaŭ por realigi ke ni povas pace kunvivi. Esperanto
29%
Bahlanganiswe wumcabango nangunembeza futhi kufanele baphathane ngomoya wobunye. Zulu
23%
No matching quizzes found
Score Distribution
Percent of People with Each Score
Percentile by Number Answered
Your Score History
You have not taken this quiz